Identifikácia a odstraňovanie mikropolutantov z vody
Saved in:
| Main Author: | |
|---|---|
| Other Authors: | |
| Format: | Manuscript Book |
| Language: | Slovak |
| Published: |
2022
|
| Subjects: | |
| Online Access: | http://is.stuba.sk/zp/portal_zp.pl?podrobnosti=152571 |
| Tags: |
No Tags, Be the first to tag this record!
|
MARC
| LEADER | 00000ntm a22000003a 4500 | ||
|---|---|---|---|
| 001 | stuzp71332 | ||
| 003 | SK-STU | ||
| 005 | 20220903210418.1 | ||
| 007 | ta | ||
| 008 | 150427s2015----xo-----f-mn---000-0-slo-d | ||
| 040 | |a STU |b slo | ||
| 041 | 0 | |a slo | |
| 100 | 1 | |a Marton, Michal |u 010280 |k Z4 |4 aut |U SvF Stavebná fakulta |T SvF Katedra zdravotného inžinierstva |X 61259 |U V280 |Y 29 |7 61259 | |
| 242 | 0 | 1 | |a Identification and removal of micropollutants from water |y eng |
| 245 | 1 | 0 | |a Identifikácia a odstraňovanie mikropolutantov z vody |
| 260 | |c 2022 | ||
| 650 | 4 | |a mikropolutanty |2 slo | |
| 650 | 4 | |a granulované aktívne uhlie |2 slo | |
| 650 | 4 | |a pesticídy |2 slo | |
| 650 | 4 | |a farmaceutiká |2 slo | |
| 650 | 4 | |a adsorpcia |2 slo | |
| 650 | 4 | |a micropollutants |2 eng | |
| 650 | 4 | |a adsorption |2 eng | |
| 650 | 4 | |a granular activated carbon |2 eng | |
| 650 | 4 | |a pesticides |2 eng | |
| 650 | 4 | |a pharmaceuticals |2 eng | |
| 700 | 1 | |a Ilavský, Ján |u 010280 |k Z1 |4 ths |U SvF Stavebná fakulta |T SvF Katedra zdravotného inžinierstva |X 554 |U V280 |Y 29 |7 A000000554 | |
| 856 | 4 | |u http://is.stuba.sk/zp/portal_zp.pl?podrobnosti=152571 | |